|
|
|
|
| LEADER |
00000cam a2200000 a 4500 |
| 001 |
vtls010378137 |
| 003 |
SK-MaSNL |
| 005 |
20260426015258.0 |
| 008 |
230501s1988 xr ho frnp 001 0 cze |
| 015 |
|
|
|a SNBA1988
|
| 020 |
|
|
|q (viazané)
|
| 035 |
|
|
|a urn:nbn:sk:snk-am00ijbm
|
| 035 |
|
|
|a 56070EA2-B0AF-4F5A-A45B-EB91BA3FD278
|
| 040 |
|
|
|a SNK
|b slo
|c SNK
|e AACR2
|
| 041 |
1 |
|
|a cze
|h slo
|
| 043 |
|
|
|a e-cs---
|a e-xr---
|a e-xo---
|
| 044 |
|
|
|a xr
|c CZ
|
| 072 |
|
7 |
|a 070
|x Noviny. Tlač. Žurnalistika
|2 konspekt
|
| 072 |
|
7 |
|a 37.016
|x Učebné osnovy. Vyučovacie predmety. Učebnice
|2 konspekt
|
| 080 |
|
|
|a 070(437)(091)(075.8)
|2 1981
|
| 080 |
|
|
|a 070
|2 2011
|
| 080 |
|
|
|a 070(091)
|2 2011
|
| 080 |
|
|
|a (437)
|2 2011
|
| 080 |
|
|
|a (437.3)
|2 2011
|
| 080 |
|
|
|a (075.8)
|2 2011
|
| 100 |
1 |
|
|a Beránková, Milena,
|d 1925-
|4 aut
|4 trl
|9 694551
|
| 245 |
1 |
0 |
|a Dějiny československé žurnalistiky
|n III. díl
|p Český a slovenský tisk v letech 1918- 1944
|c Milena Beránková, Alena Křivánková, Fraňo Ruttkay ; [slovenskou část přeložila: Milena Beránková]
|
| 246 |
3 |
0 |
|a Český a slovenský tisk v letech 1918-1944
|
| 246 |
3 |
0 |
|a Dejiny čs. žurnalistiky
|
| 260 |
|
|
|a Praha
|b Novinář
|c 1988
|
| 300 |
|
|
|a 315 strán, 16 nečíslovaných strán obrazových príloh
|b faksimile, fotografie
|c 25 cm
|
| 366 |
|
|
|e 2000 výtl.
|
| 500 |
|
|
|a Edičná poznámka. Poznámky. Rozložená titulná strana
|
| 500 |
|
|
|a Čiastočne preložené zo slovenčiny
|
| 504 |
|
|
|a Bibliografia na strane 279-286. Menný register. Register novín a časopisov
|
| 650 |
0 |
7 |
|a dejiny žurnalistiky
|2 SNKPH
|9 75157
|
| 650 |
0 |
7 |
|a žurnalistika
|2 SNKPH
|9 951
|
| 650 |
0 |
7 |
|a tlač
|2 SNKPH
|9 1413
|
| 651 |
|
7 |
|a Československo
|2 SNKPHgeo
|9 21376
|
| 651 |
|
7 |
|a Česko
|2 SNKPHgeo
|9 16753
|
| 651 |
|
7 |
|a Slovensko
|2 SNKPHgeo
|9 14231
|
| 655 |
|
7 |
|a učebnice vysokých škôl
|2 SNKPH
|9 70191
|
| 700 |
1 |
|
|a Křivánková, Alena,
|d 1946-
|4 aut
|9 386187
|
| 700 |
1 |
|
|a Ruttkay, Fraňo,
|d 1928-2002
|4 aut
|9 87714
|
| 852 |
|
|
|a Slovenská národná knižnica
|
| 954 |
|
|
|a odborná, vedecká literatúra cudzojazyčná (svetová)
|2 lita
|
| 954 |
|
|
|a odborná, vedecká literatúra pôvodná (slovenská)
|2 lita
|
| 958 |
|
|
|a NB
|
| 958 |
|
|
|a OND
|
| 958 |
|
|
|a OP
|
| 968 |
|
|
|a Čes
|b SLO
|
| 999 |
|
|
|c 1180733
|d 1182663
|
| 952 |
|
|
|a SNK
|b SNK
|y PREZ
|7 0
|p 17A0916513
|o snkSC 62465/3
|i snkKIP 11947/88
|0 0
|1 0
|4 0
|d 2012-08-07
|f 1
|l 0
|r 2025-06-18 00:00:00
|w 2026-02-24
|
| 952 |
|
|
|t snkDEJ/3 07(437.6)
|a SNKUST
|b SNKUST
|y PREZ
|7 0
|p 17A0329524
|o snkSC 62465/3 D1
|i snkKIP 11948/1988
|0 0
|1 0
|4 0
|d 2002-01-23
|l 0
|r 2025-03-19 00:00:00
|w 2026-02-24
|